Statistics for Animals That Start With A

Click here to take the quiz!

General Stats

  • This quiz has been taken 61 times
  • The average score is 11 of 15

Answer Stats

Hint Animal % Correct
Picnic invader.Ant
98%
Large snake species.Anaconda
96%
First animal in the dictionary.Aardvark
91%
Animal that eats ^.Anteater
91%
Large primate.Ape
89%
Louisiana state reptile.Alligator
80%
Snake that bit Cleopatra.Asp
80%
Spiders and scorpions are these.Arachnid
76%
Animal that curls up into a ball.Armadillo
73%
Pack animal used by the Incas.Alpaca
73%
Large seabird.Albatross
69%
Pronghorn ______.Antelope
64%
Stings all fish except clownfish.Anemone
47%
Fish commonly seen in tanks at a school.Angelfish
27%
Deadly kind of insect.Africanized Bee
7%

Score Distribution

Percentile by Number Answered

Percent of People with Each Score

Your Score History

You have not taken this quiz